Cenové stratégie a tvorba cien vo vybranom podniku diplomová práca

Gespeichert in:
Bibliographische Detailangaben
1. Verfasser: Franková, Slavomíra
Körperschaft: Fakulta podnikového manažmentu EU. Katedra podnikovohospodárska
Weitere Verfasser: Kufelová, Iveta, 1970-
Format: Buch
Sprache:Slowakisch
Veröffentlicht: Bratislava 2008
Tags: Tag hinzufügen
Keine Tags, Fügen Sie das erste Tag hinzu!

MARC

LEADER 00000nam$a2200000$$$4500
001 0086208
005 20240201114932.0
041 0 |a slo 
044 |a SK 
245 1 0 |a Cenové stratégie a tvorba cien vo vybranom podniku  |b diplomová práca  |c Slavomíra Franková ; škol. Iveta Kufelová 
264 1 |a Bratislava  |c 2008 
300 |a 66 s. 
100 1 |a Franková, Slavomíra 
700 1 |a Kufelová, Iveta, 1970- 
710 2 |a Fakulta podnikového manažmentu EU. Katedra podnikovohospodárska